Введение в физическую химию формирования текстуры гетерогенных катализаторов, ч. 2 (Запись № 1753496)

Подробности
000 -МАРКЕР
контрольное поле 02307nam0a2200385 4500
001 - ИДЕНТИФИКАТОР ЗАПИСИ
контрольное поле RU\NLR\bibl\908580
005 - ИДЕНТИФИКАТОР ВЕРСИИ
контрольное поле 20250614182604.0
010 ## - МЕЖДУНАРОДНЫЙ СТАНДАРТНЫЙ НОМЕР КНИГИ (ISBN)
Номер (ISBN) 5-89530-004-9
010 ## - МЕЖДУНАРОДНЫЙ СТАНДАРТНЫЙ НОМЕР КНИГИ (ISBN)
Номер (ISBN) 5-89530-006-5
Уточнения вып. 2
021 ## - НОМЕР ГОСУДАРСТВЕННОЙ РЕГИСТРАЦИИ
Код страны Российская Федерация
Номер 2005-79185
Номер Листа государственной регистраци 3907
035 ## - ДРУГИЕ СИСТЕМНЫЕ НОМЕРА
Идентификатор записи (NLR Aleph) 000896942
100 ## - ДАННЫЕ ОБЩЕЙ ОБРАБОТКИ
Данные общей обработки 20060217d2005 |||y0rusy50 ca
101 0# - ЯЗЫК РЕСУРСА
Язык текста, звукозаписи и т.д. русский
102 ## - СТРАНА ПУБЛИКАЦИИ ИЛИ ПРОИЗВОДСТВА
Страна публикации Российская Федерация
105 ## - ПОЛЕ КОДИРОВАННЫХ ДАННЫХ: ТЕКСТОВЫЕ МАТЕРИАЛЫ, МОНОГРАФИЧЕСКИЕ
Кодированные данные о монографическом текстовом документе a |||||||||
200 1# - ЗАГЛАВИЕ И СВЕДЕНИЯ ОБ ОТВЕТСТВЕННОСТИ
Основное заглавие Введение в физическую химию формирования текстуры гетерогенных катализаторов, ч. 2
Первые сведения об ответственности В.Б. Фенелонов, В.Н. Пармон
210 ## - ПУБЛИКАЦИЯ, РАСПРОСТРАНЕНИЕ И ДР.
Место издания, распространения и т.д. Москва
Имя издателя, распространителя и т. д. Калвис
Дата издания, распространения и т.д. 2005
215 ## - ФИЗИЧЕСКАЯ ХАРАКТЕРИСТИКА
Специфическое обозначение материала и объем 117 с.
Другие сведения о физической характеристике ил.
Размеры 21
225 1# - СЕРИЯ
Основное заглавие серии Промышленный катализ в лекциях
Сведения об ответственности под общ. ред. д.т.н., проф. А.С. Носкова
Обозначение тома вып. 2
225 1# - СЕРИЯ
Основное заглавие серии Коллекция издательства
300 ## - ОБЩИЕ ПРИМЕЧАНИЯ
Текст примечания На обл. только загл. серий
300 ## - ОБЩИЕ ПРИМЕЧАНИЯ
Текст примечания На 116-117-й с. авт.: Фенелонов В.Б. - д.х.н., проф., Пармон В.Н. - акад. РАН, д.х.н., проф., Семиколонов В.А. - д.х.н.
320 ## - ПРИМЕЧАНИЯ О НАЛИЧИИ В ДОКУМЕНТЕ БИБЛИОГРАФИИ / УКАЗАТЕЛЯ
Текст примечания Библигр.: с. 73-78 (100 назв.), с. 115 (6 назв.)
423 #0 - ИЗДАЕТСЯ В ОДНОЙ ОБЛОЖКЕ ВМЕСТЕ С ...
Встроенное поле 2001#$aНанесенные металлические катализаторы$fВ.А. Семиколенов
-- 700#1$aСемиколенов$bВ. А.$gВладимир Александрович$4070
-- 210##$aМосква$cКалвис$d2005
-- 215##$aС. 79-115$cил.
Заглавие Нанесенные металлические катализаторы
Автор Семиколенов, Владимир Александрович
606 1# - НАИМЕНОВАНИЕ ТЕМЫ КАК ПРЕДМЕТ
Наименование темы Гетерогенный катализ в химической технологии
Системный номер авторитетной/нормативной записи 1384983
Идентификатор авторитетной/нормативной записи RU\NLR\auth\66268137
606 1# - НАИМЕНОВАНИЕ ТЕМЫ КАК ПРЕДМЕТ
Наименование темы Катализаторы металлические на носителях
Системный номер авторитетной/нормативной записи 1275198
Идентификатор авторитетной/нормативной записи RU\NLR\auth\66525338
686 ## - ИНДЕКСЫ ДРУГИХ КЛАССИФИКАЦИЙ
Индекс Л114.1
700 #1 - ИМЯ ЛИЦА - ПЕРВИЧНАЯ ОТВЕТСТВЕННОСТЬ
Начальный элемент ввода Фенелонов
Часть имени, кроме начального элемента ввода В. Б.
Расширение инициалов личного имени Владимир Борисович
Код отношения Автор
701 #1 - ИМЯ ЛИЦА - АЛЬТЕРНАТИВНАЯ ОТВЕТСТВЕННОСТЬ
Код отношения Автор
Графика поля Кириллица
Материалы, к которым относится поле rus
Начальный элемент ввода Пармон
Часть имени, кроме начального элемента ввода В. Н.
Даты 1948-
Расширение инициалов личного имени Валентин Николаевич
Системный номер авторитетной/нормативной записи 144573
Идентификатор авторитетной/нормативной записи RU\NLR\AUTH\770144609
801 #0 - ИСТОЧНИК ЗАПИСИ
Страна Российская Федерация
Организация NLR
Дата составления 20060217
Правила каталогизации rcr
801 #1 - ИСТОЧНИК ЗАПИСИ
Страна Российская Федерация
Организация NLR
Дата составления 20060217
942 ## - ДОПОЛНИТЕЛЬНЫЕ ЭЛЕМЕНТЫ ЗАПИСИ (АБИС)
Тип экземпляра АБИС Книга
980 ## - КОЛЛЕКЦИЯ
Название коллекции Национальная библиография
Экземпляры
Тип экземпляра Дата поступления Источник поступления Библиотека постоянного хранения Библиотека текущего хранения Место хранения Шифр хранения Штрих-код Статус экземпляра
Книга 17.02.2006 Обязательный экземпляр РНБ (Московский) РНБ (Московский) Русский книжный фонд: издания с 1957 года 2005-5/10212 2118186  
Книга 17.02.2006 Обязательный экземпляр РНБ (Московский) РНБ (Московский) Русский книжный фонд: издания с 1957 года 2005-5/10212 2118187